Pięć największych i najmniejszych województw - Statystyki

Ogólne statystyki
  • Ten quiz został rozwiązany 24 razy
  • Średni wynik to 6 z 10
Statystyki odpowiedzi
Numer Największe % Poprawnych
5,403,412 Mazowieckie
95%
986,506 Opolskie
75%
3,493,969 Wielkopolskie
75%
4,533,565 Śląskie
65%
2,901,225 Dolnośląskie
50%
1,014,548 Lubuskie
50%
1,181,533 Podlaskie
45%
3,400,577 Małopolskie
40%
1,241,546 Świętokrzyskie
40%
1,428,983 Warmińsko-Mazurskie
35%
Nie znaleziono quizów pasujących do podanych kryteriów
Rozkład punktacji
Procent ludzi z każdym wynikiem
Percentyl według liczby udzielonych odpowiedzi
Twoja historia wyników
Nie rozwiązałeś tego quizu